Central Library OPAC University of Rajshahi

দক্ষিণ ও দক্ষিণ-পূর্ব এশিয়ার রাজনীতি / (Record no. 47312)

MARC details
000 -LEADER
fixed length control field 00938nam a22002297a 4500
001 - CONTROL NUMBER
control field 47312
003 - CONTROL NUMBER IDENTIFIER
rucl marc code BD-RjUL
005 - DATE AND TIME OF LATEST TRANSACTION
control field 20211209054307.0
008 - FIXED-LENGTH DATA ELEMENTS--GENERAL INFORMATION
fixed length control field 160808s1982 bg ||||| |||| 00| 0 ben d
020 ## - INTERNATIONAL STANDARD BOOK NUMBER
Terms of availability : TK 20.00
035 ## - SYSTEM CONTROL NUMBER
System control number (BD-RjUL)47431
040 ## - CATALOGING SOURCE
Original cataloging agency BD-RjUL
Language of cataloging ben
Transcribing agency BD-RjUL
041 ## - LANGUAGE CODE
Language code of text/sound track or separate title ben
082 ## - DEWEY DECIMAL CLASSIFICATION NUMBER
Edition number 23
Classification number 320.959
Author mark and year MOD 1982
100 ## - MAIN ENTRY--PERSONAL NAME
Personal name মোল্লা, মোঃগিয়াস উদ্দিন
9 (RLIN) 143995
245 10 - TITLE STATEMENT
Title দক্ষিণ ও দক্ষিণ-পূর্ব এশিয়ার রাজনীতি /
Statement of responsibility, etc. মোঃগিয়াস উদ্দিন মোল্লা
260 ## - PUBLICATION, DISTRIBUTION, ETC. (IMPRINT)
Place of publication, distribution, etc. ঢাকা :
Name of publisher, distributor, etc. বাংলা একাডেমী,
Date of publication, distribution, etc. ১৯৮২
300 ## - PHYSICAL DESCRIPTION
Pagination [১০], ১৫৯ পৃ. ;
Size ২১ সেমি.
650 ## - SUBJECT ADDED ENTRY--TOPICAL TERM
Topical term or geographic name as entry element সরকার ও রাজনীতি
Geographic subdivision এশিয়া
9 (RLIN) 143996
Topical term or geographic name as entry element Politics & Government
Geographic subdivision Asia
9 (RLIN) 143997
942 ## - ADDED ENTRY ELEMENTS (KOHA)
Source of classification or shelving scheme Dewey Decimal Classification
Koha item type Books
Holdings
Lost status Source of classification or shelving scheme Damaged status Not for loan Collection code Permanent Location Current Location Shelving location Date acquired Source of acquisition Cost, normal purchase price Total Checkouts Full call number Date last seen Copy number Koha item type Date checked out
  Dewey Decimal Classification     Non-fiction Central Library, University of Rajshahi Central Library, University of Rajshahi   30/10/1987 Angkur Prokashan, Dhaka 20.00   B 320.959 MOD 1982 08/08/2016 C-2 Books  
  Dewey Decimal Classification     Non-fiction Central Library, University of Rajshahi Central Library, University of Rajshahi   30/10/1987 Angkur Prokashan, Dhaka 20.00 1 B 320.959 MOD 1982 08/04/2018 C-3 Books 05/04/2018